000 00329nam a2200133 i 4500
001 bg
100 1 _aJANKOWSKI, Aleksander
245 0 _aZarys techniki obliczeń programowych /
_cAleksander Jankowski.
260 _aGdańsk,
_c1971.
040 _cBPK
041 _apol
942 _cKS
008 s pl f |000 0 pol
999 _c7317
_d7317
856 _uhttp://koha.tu.koszalin.pl/cgi-bin/koha/opac-detail.pl?biblionumber=7317
_yKatalog online BPK